000 00268 a2200097 4500
001 55378
100 _a
245 _aPanacakes ; snacks, suppers and desserts with crepes, waffles and pancakes
260 _aUk
_bNorth holland inc
_c2006
090 _c34363
_d34363
942 _aNUST-CAE
_cMONOGRAPH
_c27073
999 _c290451
_d290451